Wymień Systemy Operacyjne Firmy Microsoft - Statystyki

Ogólne statystyki
  • Ten quiz został rozwiązany 184 razy
  • Średni wynik to 9 z 11
Statystyki odpowiedzi
Odpowiedzi % Poprawnych
Windows 10
100%
Windows 11
99%
Windows 7
98%
Windows 8
97%
Windows XP
97%
Windows 98
83%
Windows 95
81%
Windows Vista
81%
Windows 8.1
69%
Windows 2000
65%
Windows ME
42%
Nie znaleziono quizów pasujących do podanych kryteriów
Rozkład punktacji
Procent ludzi z każdym wynikiem
Percentyl według liczby udzielonych odpowiedzi
Twoja historia wyników
Nie rozwiązałeś tego quizu